000 00593nam a2200217Ia 4500
005 20250923145659.0
008 008 250917s9999 xx 000 0 eng d
037 _aTextual
040 _aDSWL
_beng
_cDSWL
041 _aeng
_2eng
084 _aX:8M, N83
_qDSWL
100 _aTreece, M.
_9837882
245 0 _aCommunication for business and the professions
_c by M. Treece
250 _a2nd
260 _aBoston
_bAllyn & Bacon
_c1983
300 _axiv,658 p.
365 _aUSD
_b19.95
925 _g19.95
942 _cTEXL
_hX:8M, N83
999 _c1454288
_d1454288